|
|
|
|
| LEADER |
00926nam a2200289 a 4500 |
| 001 |
1099 |
| 003 |
BD-DhAAL |
| 005 |
20150614121622.0 |
| 008 |
150614s1997 bg b 000 0 eng |
| 010 |
|
|
|a 97906483
|
| 020 |
|
|
|a 9844970091
|
| 040 |
|
|
|a DLC
|c DLC
|d BD-DhAAL
|
| 050 |
0 |
0 |
|a KNG63
|b .R34 1997
|
| 082 |
0 |
0 |
|a 340/.11
|2 21
|
| 100 |
1 |
|
|a Rahamāna, Muhāmmada Hābibura.
|9 12028
|
| 245 |
1 |
4 |
|a The rallying power of law /
|c Muhammad Habibur Rahman.
|
| 260 |
|
|
|a Dhaka :
|b Pustaka,
|c 1997.
|
| 300 |
|
|
|a 168 p. ;
|c 23 cm.
|
| 504 |
|
|
|a Includes bibliographical references.
|
| 520 |
|
|
|a Articles and speeches.
|
| 541 |
|
|
|e 1099
|
| 650 |
|
0 |
|a Rule of law.
|9 12029
|
| 650 |
|
0 |
|a Human rights.
|9 12030
|
| 650 |
|
0 |
|a Law
|z Bangladesh.
|9 12031
|
| 942 |
|
|
|2 ddc
|c BK
|
| 999 |
|
|
|c 34715
|d 34715
|
| 952 |
|
|
|0 0
|1 0
|2 ddc
|4 0
|6 340_110000000000000_RAH
|7 0
|9 54289
|a SCL
|b SCL
|c GEN
|d 2015-06-14
|l 0
|o 340.11 RAH
|p 3020001099
|r 2015-06-14
|t 1
|w 2015-06-14
|y BK
|